G-20 major economies - Statistics

General Stats
  • This quiz has been taken 560 times
  • The average score is 18 of 20
Answer Stats
Answer % Correct
United States
99%
Canada
97%
France
97%
United Kingdom
97%
China
96%
Germany
96%
Japan
96%
Russia
96%
Brazil
95%
India
95%
Australia
94%
Italy
94%
Mexico
94%
Argentina
87%
Indonesia
86%
South Korea
85%
South Africa
84%
Saudi Arabia
81%
Turkey
79%
European Union
33%
No matching quizzes found
Score Distribution
Percent of People with Each Score
Percentile by Number Answered
Your Score History
You have not taken this quiz